California constitution

Bibliographic Details
Corporate Author: California
Format: Unknown
Language:English
Published: [Sacramento : The Task Force]
Subjects:
Online Access:Acceso restringido

MARC

LEADER 00000ny a22000003n 4500
005 19970214084541.9
008 100311s19uu9999us s000 0 eng
035 |a 1319 
040 |a DLC  |c DLC  |d vLex 
090 |c 1043  |d 1043 
245 3 0 |a California constitution  |h [Recurso electrn̤ico] 
256 |a Servicio en ln̕ea 
260 |a [Sacramento :  |b The Task Force] 
651 4 |a Estados Unidos  |x Constitucin̤ 
710 1 |a California.  |t Constitution (1879) 
740 0 |a vLex Libros (Servicios en ln̕ea) 
856 4 0 |z Acceso restringido  |u http://vlex.com/source/1319 
942 |c BOOK 
999 0 |a Constitutional law  |z California. 
999 0 |a Taxation  |z California.